000 00554nam a2200217 i 4500
001 bg
100 1 _aGNYBEK, Jadwiga
245 1 0 _aOracle łatwiejszy niż przypuszczasz /
_cJadwiga Gnybek.
260 _aGliwice :
_b"Helion",
_ccop. 1996.
300 _a182 s. :
_brys. ;
_c24 cm.
504 _aBibliogr. s. 182.
630 0 9 _aOracle
655 _aPodręczniki
020 _a838671834X
040 _cBPK
041 0 _apl
080 _a004.42:004.65](07)
920 _a83-86718-34-X
942 _cKS
008 s pl f |000 0 pol
999 _c35822
_d35822
856 _uhttp://koha.tu.koszalin.pl/cgi-bin/koha/opac-detail.pl?biblionumber=35822
_yKatalog online BPK